[Event "Elit(Sollentuna-Upsala)"]
[Site "?"]
[Date "2009.02.07"]
[Round "7"]
[White "Sagit, Rauan"]
[Black "Andersson, Fredrik"]
[Result "1/2-1/2"]
[WhiteElo "2459"]
[BlackElo "2308"]
[PlyCount "88"]

1. e4 c5 2. Nf3 d6 3. Bb5+ Nc6 4. O-O Bd7 5. c3 a6 6. Bxc6 Bxc6 7. Re1 Nf6 8.
e5 dxe5 9. Nxe5 Qd5 10. Nxc6 Qxc6 11. a4 b6 12. d4 e6 13. Bg5 Be7 14. Bxf6 gxf6
15. dxc5 Bxc5 16. Nd2 Rd8 17. Qe2 Be7 18. Nf1 Qb7 19. Qg4 Kf8 20. Qh5 Rg8 21.
g3 Kg7 22. Qg4+ Kh8 23. Qe4 Qxe4 24. Rxe4 f5 25. Rc4 Rc8 26. Rd4 Rgd8 27. Rad1
Rxd4 28. Rxd4 Rc7 29. Kg2 Kg7 30. Nd2 Kf6 31. Nf3 Rb7 32. Rc4 b5 33. axb5 axb5
34. Rc6 b4 35. Nd4 bxc3 36. bxc3 Ke5 37. Rc8 Bf6 38. h4 Kd6 39. h5 Kd7 40. Rf8
Ke7 41. Rc8 Bxd4 42. cxd4 Kf6 43. Rd8 Kg5 44. d5 exd5 1/2-1/2

[Event "Elit(Sollentuna-Upsala)"]
[Site "?"]
[Date "2009.02.07"]
[Round "7"]
[White "Svensson, Mans"]
[Black "Lindberg, Bo"]
[Result "0-1"]
[WhiteElo "2242"]
[BlackElo "2423"]
[PlyCount "38"]
[EventDate "2009.??.??"]

1. d4 Nf6 2. c4 e6 3. Nc3 Bb4 4. Nf3 Ne4 5. Qc2 f5 6. Nd2 O-O 7. Ncxe4 fxe4 8.
Qxe4 d5 9. Qd3 Qf6 10. f3 c5 11. dxc5 Nc6 12. a3 Ba5 13. Rb1 Ne5 14. Qc2 dxc4
15. Qa4 b6 16. c6 Ba6 17. Kd1 Rfd8 18. Kc2 Rd5 19. Kd1 Qh6 0-1

[Event "Elit(Sollentuna-Upsala)"]
[Site "?"]
[Date "2009.02.07"]
[Round "7"]
[White "Couso, Luis"]
[Black "Lindberg, Henrik"]
[Result "1/2-1/2"]
[WhiteElo "2363"]
[BlackElo "2268"]
[PlyCount "44"]

1. d4 Nf6 2. c4 e6 3. Nf3 b6 4. g3 Bb7 5. Bg2 Be7 6. O-O O-O 7. Nc3 Ne4 8. Bd2
Nxc3 9. Bxc3 Be4 10. Rc1 Bf6 11. d5 d6 12. dxe6 fxe6 13. Bh3 Re8 14. Bxf6 Qxf6
15. Qd4 Bxf3 16. Qxf6 gxf6 17. exf3 Nc6 18. Rfd1 Rad8 19. f4 e5 20. fxe5 fxe5
21. Bg2 Nd4 22. Rd2 c5 1/2-1/2

[Event "Elit(Sollentuna-Upsala)"]
[Site "?"]
[Date "2009.02.07"]
[Round "7"]
[White "Fallman, Micael"]
[Black "Agrest, Inna"]
[Result "1/2-1/2"]
[WhiteElo "2173"]
[BlackElo "2296"]
[PlyCount "87"]

1. d4 Nf6 2. Nf3 g6 3. c4 Bg7 4. Nc3 O-O 5. e4 d6 6. Be2 Na6 7. O-O e5 8. Be3
Re8 9. dxe5 dxe5 10. a3 c6 11. Qc2 Ng4 12. Bg5 f6 13. Rad1 Qe7 14. Bc1 Nc5 15.
b4 Ne6 16. Rfe1 a5 17. c5 axb4 18. axb4 Nd4 19. Nxd4 exd4 20. Na4 Be6 21. Bc4
Bxc4 22. Qxc4+ Kh8 23. Nb6 Rad8 24. h3 Ne5 25. Qf1 g5 26. Bb2 g4 27. hxg4 Nxg4
28. Nc4 Rg8 29. f3 Ne3 30. Nxe3 dxe3 31. Rxe3 Bh6 32. Red3 Qg7 33. g4 Rxd3 34.
Qxd3 Bf4 35. Qe2 h5 36. Kg2 hxg4 37. Rh1+ Bh6 38. f4 Kh7 39. Bc1 Rh8 40. Qc4
Qd7 41. f5 Kg7 42. Rxh6 Rxh6 43. Bxh6+ Kxh6 44. Qe2 1/2-1/2

[Event "Elit(Sollentuna-Upsala)"]
[Site "?"]
[Date "2009.02.07"]
[Round "7"]
[White "Aperia, Jakob"]
[Black "Cederberg, Karl-Olof"]
[Result "1/2-1/2"]
[WhiteElo "2165"]
[BlackElo "2178"]
[PlyCount "53"]

1. c4 e5 2. g3 f5 3. Nc3 Nf6 4. Bg2 Bb4 5. Nd5 Be7 6. Nxe7 Qxe7 7. e3 Nc6 8.
Ne2 e4 9. O-O Ne5 10. b3 Nd3 11. Nf4 Qe5 12. Ba3 Qa5 13. Nxd3 Qxa3 14. Nf4 O-O
15. d3 c6 16. dxe4 fxe4 17. Qd4 d6 18. Rfd1 g5 19. Nh3 Bxh3 20. Bxh3 g4 21. Bg2
d5 22. cxd5 cxd5 23. Rdc1 Qd6 24. Rc2 Rf7 25. Rac1 a6 26. Rc8+ Rxc8 27. Rxc8+
1/2-1/2

[Event "Elit(Orgryte-Manhem)"]
[Site "?"]
[Date "2009.02.07"]
[Round "7"]
[White "Nithander, Victor"]
[Black "Ziegler, Ari"]
[Result "1-0"]
[WhiteElo "2465"]
[BlackElo "2427"]
[PlyCount "143"]
[SourceDate "2009.02.11"]

1. e4 e6 2. d4 d5 3. Nd2 Nf6 4. e5 Nfd7 5. f4 c5 6. c3 Nc6 7. Ndf3 Qb6 8. a3 a5
9. b3 Be7 10. Be3 cxd4 11. Nxd4 g5 12. Ngf3 gxf4 13. Bxf4 Nc5 14. Be2 Ne4 15.
Qd3 Nxd4 16. Nxd4 Bd7 17. O-O Rc8 18. Rfc1 Nc5 19. Qd1 a4 20. bxa4 Bxa4 21. Qf1
Ne4 22. Rab1 Qc5 23. Be3 O-O 24. Qf3 Qc7 25. Qh5 Be8 26. c4 f5 27. Qh6 Qxe5 28.
Nxe6 Rf7 29. cxd5 Rxc1+ 30. Rxc1 f4 31. Bd4 Qxd5 32. Rc8 Nd6 33. Rb8 Qe4 34.
Bf1 Bf6 35. Bxf6 Qxe6 36. Qg5+ Kf8 37. Bd4 Ne4 38. Qe5 Qxe5 39. Bxe5 Re7 40.
Bxf4 Kf7 41. Bc4+ Kf6 42. h4 Kf5 43. g3 Kg4 44. Be2+ Kh3 45. Bf1+ Kg4 46. Kh2
Kf3 47. Rc8 Kf2 48. Bg2 Bc6 49. Rf8 Ke1 50. h5 Nf2 51. Bxc6 bxc6 52. Kg2 c5 53.
Rc8 Nd3 54. Bd6 Re2+ 55. Kf3 Rc2 56. Ke4 Nf2+ 57. Kd5 Rd2+ 58. Kc6 Ne4 59. Bf4
Rd4 60. Kb5 Kf2 61. Rc7 Rd3 62. Rxh7 Rxa3 63. Rg7 Rb3+ 64. Kc6 c4 65. h6 Rb1
66. Kd5 Nf6+ 67. Kxc4 Rh1 68. Rf7 Ng4 69. h7 Kg2 70. Kc5 Rh5+ 71. Kd6 Nh6 72.
Rf8 1-0

[Event "Elit(Orgryte-Manhem)"]
[Site "?"]
[Date "2009.02.07"]
[Round "7"]
[White "Arnelind, Mikael"]
[Black "Akesson, Joel"]
[Result "0-1"]
[WhiteElo "2293"]
[BlackElo "2382"]
[PlyCount "110"]

1. d4 d5 2. c4 c6 3. Nf3 Nf6 4. Nc3 dxc4 5. a4 Bf5 6. e3 e6 7. Bxc4 Bb4 8. O-O
O-O 9. Nh4 Bg4 10. f3 Bh5 11. g4 Nd5 12. Qe1 Be7 13. Ng2 Bg6 14. Qf2 Nxc3 15.
bxc3 c5 16. Nf4 Nc6 17. Qa2 cxd4 18. Nxg6 hxg6 19. cxd4 Rc8 20. Bb2 Bb4 21.
Rad1 Na5 22. Bd3 Qg5 23. Kf2 Rc7 24. Ba3 Qe7 25. Bxb4 Qxb4 26. Qd2 Qxd2+ 27.
Rxd2 Rfc8 28. Rb1 Rc3 29. Be4 b6 30. f4 Ra3 31. f5 gxf5 32. gxf5 Rxa4 33. fxe6
fxe6 34. Re1 Rac4 35. Bf3 Rc2 36. Rxc2 Rxc2+ 37. Kg3 Nc4 38. Be2 Kf7 39. h4 a5
40. Bh5+ Ke7 41. Bg6 Rc3 42. Kf4 a4 43. Bb1 b5 44. Rg1 Kf7 45. Rg5 b4 46. Rb5
Nxe3 47. Ke5 Nc4+ 48. Kf4 b3 49. h5 a3 50. Rb7+ Kf6 51. Ra7 a2 52. Bxa2 bxa2
53. Rxa2 Ne3 54. Re2 Nf5 55. Rd2 Rc4 0-1

[Event "Elit(Orgryte-Manhem)"]
[Site "?"]
[Date "2009.02.07"]
[Round "7"]
[White "Winsnes, Rikard"]
[Black "Hultin, Johan"]
[Result "1/2-1/2"]
[WhiteElo "2499"]
[BlackElo "2306"]
[PlyCount "67"]

1. e4 e6 2. d4 d5 3. Nd2 dxe4 4. Nxe4 Bd7 5. Nf3 Bc6 6. Bd3 Nd7 7. O-O Ngf6 8.
Ng3 Be7 9. Re1 O-O 10. Qe2 Bxf3 11. Qxf3 c5 12. dxc5 Nxc5 13. Bf1 Qd5 14. Qf4
Qd6 15. Qf3 Qd5 16. Qe2 Rfd8 17. b4 Qd4 18. Rb1 Na4 19. Be3 Qh4 20. Bd2 b5 21.
Qf3 Nb6 22. Bd3 Qg4 23. Qb7 Rd7 24. Qc6 Rd5 25. Be3 Rc8 26. Qb7 Rd7 27. Qa6
Rdc7 28. Bxb6 axb6 29. h3 Qf4 30. Nf5 Bxb4 31. g3 Qd2 32. Re2 Qc3 33. Qxb5 Bc5
34. Ne3 1/2-1/2

[Event "Elit(Orgryte-Manhem)"]
[Site "?"]
[Date "2009.02.07"]
[Round "7"]
[White "Frisk Kockum, Anton"]
[Black "Schneider, Lars-Ake"]
[Result "1/2-1/2"]
[WhiteElo "2280"]
[BlackElo "2338"]
[PlyCount "63"]

1. d4 Nf6 2. Nf3 e6 3. c4 b6 4. g3 Bb7 5. Bg2 Be7 6. O-O O-O 7. Nc3 d5 8. cxd5
Nxd5 9. Qc2 c5 10. dxc5 bxc5 11. a3 Nc6 12. Rd1 Qc8 13. Nxd5 exd5 14. Rxd5 Nb4
15. axb4 Bxd5 16. Ng5 Bxg5 17. Bxd5 Bxc1 18. Bxa8 cxb4 19. Qxc8 Rxc8 20. Rxa7
Bxb2 21. Bd5 Rf8 22. Rb7 Bc3 23. f4 g6 24. e4 h6 25. Kg2 Kg7 26. Kf3 g5 27. e5
gxf4 28. gxf4 Kg6 29. Rb6+ Kg7 30. Bb3 Rc8 31. Rb7 Bxe5 32. Rxb4 1/2-1/2

[Event "Elit(Orgryte-Manhem)"]
[Site "?"]
[Date "2009.02.07"]
[Round "7"]
[White "Olausson, Claes-Goran"]
[Black "Ostberg, Peter"]
[Result "1-0"]
[WhiteElo "2369"]
[BlackElo "2231"]
[PlyCount "75"]

1. Nf3 Nf6 2. d4 d5 3. c4 c6 4. Qc2 g6 5. Bf4 Bf5 6. Qb3 Qb6 7. e3 Bg7 8. Nbd2
Nbd7 9. h3 Qxb3 10. axb3 Ne4 11. c5 Nxd2 12. Kxd2 f6 13. b4 e5 14. Bg3 Be4 15.
Ne1 h5 16. f3 Bf5 17. b5 Bh6 18. f4 exd4 19. exd4 Kf7 20. Nd3 Rhe8 21. Nb4 Re4
22. bxc6 Rxd4+ 23. Kc3 Rxb4 24. Kxb4 bxc6 25. Ra5 Rb8+ 26. Kc3 Re8 27. Bf2 Bxf4
28. Bd3 Bxd3 29. Kxd3 Bb8 30. Re1 Ne5+ 31. Kc2 Re7 32. Ra6 g5 33. Bd4 Re6 34.
Re3 Ke7 35. Bxe5 Rxe5 36. Rb3 Bc7 37. Rb7 Kd8 38. Rxc6 1-0

[Event "Elit(Orgryte-Manhem)"]
[Site "?"]
[Date "2009.02.07"]
[Round "7"]
[White "Forsberg, Jan-Olof"]
[Black "Welin, Mats"]
[Result "0-1"]
[WhiteElo "2218"]
[BlackElo "2323"]
[PlyCount "90"]

1. d4 Nf6 2. c4 e6 3. Nf3 d5 4. Nc3 Be7 5. Bg5 h6 6. Bh4 O-O 7. e3 b6 8. Be2
Bb7 9. Bxf6 Bxf6 10. cxd5 exd5 11. O-O c6 12. Qb3 Re8 13. Rad1 Nd7 14. Bd3 Nf8
15. e4 Ne6 16. exd5 cxd5 17. Bb5 Re7 18. Rfe1 Qd6 19. Re3 a6 20. Bf1 b5 21. Ne2
Rc7 22. Rc3 Re7 23. a3 Qb6 24. Re3 Rc7 25. Rc3 Rc4 26. Nd2 Bxd4 27. Nxc4 dxc4
28. Qc2 Bxc3 29. Nxc3 Nd4 30. Qd2 Rd8 31. Qe3 Qf6 32. Kh1 Bc6 33. h3 g5 34. Be2
Ne6 35. Rxd8+ Qxd8 36. Bg4 Nf4 37. Bf3 Bxf3 38. Qxf3 Qd3 39. Qc6 Kg7 40. Kh2
Qd4 41. Kg1 Nd3 42. Ne4 Qxb2 43. Qxa6 Qa1+ 44. Kh2 Qe5+ 45. Ng3 Nxf2 0-1

[Event "Elit(Orgryte-Manhem)"]
[Site "?"]
[Date "2009.02.07"]
[Round "7"]
[White "Moberg, Karl Johan"]
[Black "Eksmyr, Johan"]
[Result "1-0"]
[WhiteElo "2292"]
[BlackElo "2156"]
[PlyCount "117"]

1. d4 Nf6 2. c4 g6 3. Nc3 d5 4. cxd5 Nxd5 5. e4 Nxc3 6. bxc3 Bg7 7. Bc4 O-O 8.
Ne2 Nc6 9. O-O b6 10. Bg5 h6 11. Be3 Bb7 12. Qd2 Kh7 13. Rac1 e6 14. Rfd1 Qd6
15. f3 Rad8 16. Qb2 f5 17. e5 Bxe5 18. dxe5 Qxd1+ 19. Rxd1 Rxd1+ 20. Kf2 Nxe5
21. Qb3 Rd7 22. Bd4 Nxc4 23. Qxc4 Re8 24. Qa4 Bc8 25. Be5 c5 26. Qc6 g5 27. h4
Kg6 28. hxg5 hxg5 29. g4 f4 30. c4 Kf7 31. Qe4 Rg8 32. Qc6 Ke7 33. Ke1 Bb7 34.
Bf6+ Kxf6 35. Qxd7 Bxf3 36. Nc3 Bxg4 37. Ne4+ Ke5 38. Qc7+ Kd4 39. Nf2 Bf5 40.
Qf7 Rg6 41. Qxa7 g4 42. Qc7 Kxc4 43. Qxf4+ Kd5 44. Nd1 g3 45. Nc3+ Kc6 46. Qf3+
Kd6 47. Kf1 g2+ 48. Kg1 Rg4 49. Qb7 c4 50. Qxb6+ Ke5 51. Qc5+ Kf6 52. a4 Bd3
53. a5 Bf1 54. a6 Rg8 55. Ne4+ Kf7 56. Qf2+ Ke7 57. Qf6+ Kd7 58. Qf7+ Kc6 59.
Qxg8 1-0

[Event "Elit(Orgryte-Manhem)"]
[Site "?"]
[Date "2009.02.07"]
[Round "7"]
[White "Virolainen, Victor"]
[Black "Fendrich, David"]
[Result "0-1"]
[WhiteElo "2214"]
[BlackElo "2276"]
[PlyCount "77"]

1. e4 c5 2. Nf3 e6 3. d4 cxd4 4. Nxd4 Qb6 5. Nb3 a6 6. Nc3 Qc7 7. g3 b5 8. Bg2
Bb7 9. O-O Nf6 10. Qe2 d6 11. a3 Be7 12. Bd2 Nbd7 13. f4 Rd8 14. Rfe1 Nb6 15.
Na5 Ba8 16. Rac1 O-O 17. b4 Rfe8 18. Nd1 Rc8 19. e5 Nfd5 20. Ne3 Nc3 21. Qd3
dxe5 22. Bxa8 Nxa8 23. fxe5 Red8 24. Qxc3 Qxc3 25. Bxc3 Rxc3 26. Nb3 Bg5 27.
Kf2 Nb6 28. h4 Bh6 29. Rcd1 Bxe3+ 30. Rxe3 Rxc2+ 31. Ke1 Nd5 32. Red3 Rdc8 33.
Nc5 a5 34. R1d2 Rxd2 35. Rxd2 axb4 36. axb4 Nxb4 37. Ne4 Nd5 38. Nd6 Rc1+ 39.
Ke2 0-1

[Event "Elit(LASK-Skara)"]
[Site "?"]
[Date "2009.02.07"]
[Round "7"]
[White "Hillarp Persson, Tiger"]
[Black "Tikkanen, Hans"]
[Result "1-0"]
[WhiteElo "2665"]
[BlackElo "2501"]
[PlyCount "67"]
[SourceDate "2009.02.11"]

1. e4 e5 2. Nf3 Nc6 3. Bc4 Nf6 4. d3 Be7 5. O-O O-O 6. Re1 d6 7. a4 Re8 8. a5
Bf8 9. a6 bxa6 10. Bg5 h6 11. Bxf6 Qxf6 12. Bd5 Bd7 13. Nc3 a5 14. h3 Be7 15.
Bxc6 Bxc6 16. Rxa5 Reb8 17. b3 Bd8 18. d4 exd4 19. Nxd4 Bd7 20. Rf5 Bxf5 21.
exf5 c5 22. Ndb5 Ba5 23. Nd5 Qg5 24. Re3 Rxb5 25. Rg3 Qd2 26. Qg4 Qd4 27. Qf3
Re8 28. f6 g5 29. Qh5 Re1+ 30. Kh2 Qxf2 31. Ne7+ Kf8 32. Qxh6+ Ke8 33. Qh8+ Kd7
34. Qc8# 1-0

[Event "Elit(LASK-Skara)"]
[Site "?"]
[Date "2009.02.07"]
[Round "7"]
[White "Grandelius, Nils"]
[Black "Eklund, Lars-Goran"]
[Result "1-0"]
[WhiteElo "2525"]
[BlackElo "2383"]
[PlyCount "63"]

1. d4 d5 2. c4 c6 3. Nf3 Nf6 4. e3 e6 5. Nc3 Ne4 6. Bd3 f5 7. Ne5 Qh4 8. g3 Qh3
9. Bf1 Qh6 10. Bg2 Nd7 11. Nxd7 Bxd7 12. O-O Be7 13. Qb3 b5 14. cxb5 cxb5 15.
Ne2 Qg6 16. f3 Nd6 17. Nf4 Qf6 18. e4 dxe4 19. fxe4 Nxe4 20. Be3 Bd6 21. Bxe4
fxe4 22. d5 Bxf4 23. Rxf4 Qe5 24. Rd1 Rc8 25. Rd4 exd5 26. Rxd5 Qe7 27. Bd4 Be6
28. Qxb5+ Bd7 29. Qe2 Rc1+ 30. Kg2 Bc6 31. Re5 e3+ 32. Rf3 1-0

[Event "Elit(LASK-Skara)"]
[Site "?"]
[Date "2009.02.07"]
[Round "7"]
[White "Andersson, Goran"]
[Black "Semcesen, Daniel"]
[Result "0-1"]
[WhiteElo "2299"]
[BlackElo "2403"]
[PlyCount "50"]

1. c4 b6 2. Nc3 Bb7 3. e4 e6 4. f3 f5 5. exf5 Nh6 6. fxe6 Nf5 7. Qe2 Be7 8. Nd5
O-O 9. exd7 Bd6 10. Qe6+ Kh8 11. Bd3 Nxd7 12. Kd1 Nc5 13. Qe2 Nxd3 14. Qxd3 Qg5
15. g4 Nh4 16. Kc2 Rad8 17. Nh3 Qh6 18. Rf1 Bxh2 19. f4 c6 20. Rh1 cxd5 21.
Rxh2 dxc4 22. Qg3 Nf3 23. Rf2 Rd3 24. g5 Nd4+ 25. Kd1 Qh5+ 0-1

[Event "Elit(LASK-Skara)"]
[Site "?"]
[Date "2009.02.07"]
[Round "7"]
[White "Lund, Esben"]
[Black "Nyman, Johan"]
[Result "1-0"]
[WhiteElo "2481"]
[BlackElo "2019"]
[PlyCount "47"]

1. d4 d5 2. c4 c6 3. Nf3 Nf6 4. e3 e6 5. Bd3 Nbd7 6. O-O dxc4 7. Bxc4 b5 8. Bd3
Bb7 9. a4 a6 10. Qe2 Bd6 11. Nbd2 O-O 12. e4 e5 13. dxe5 Nxe5 14. Nxe5 Bxe5 15.
Nf3 Bc7 16. Bg5 Re8 17. e5 c5 18. Bxf6 gxf6 19. Rfd1 Qe7 20. axb5 fxe5 21. Be4
Bxe4 22. Qxe4 a5 23. Qg4+ Kh8 24. Rd7 1-0

[Event "Elit(LASK-Skara)"]
[Site "?"]
[Date "2009.02.07"]
[Round "7"]
[White "Mohammadi, Amir"]
[Black "Dragicevic, Drazen"]
[Result "1-0"]
[WhiteElo "2324"]
[BlackElo "2386"]
[PlyCount "77"]

1. e4 c5 2. Nc3 Nc6 3. g3 g6 4. Bg2 Bg7 5. d3 e6 6. Be3 d6 7. Qd2 Nd4 8. Nd1 e5
9. c3 Nc6 10. Ne2 Qa5 11. O-O Be6 12. a3 Rd8 13. b4 Qc7 14. d4 exd4 15. cxd4
Bc4 16. Ndc3 cxd4 17. Nxd4 Bxf1 18. Nd5 Qd7 19. Rxf1 Nge7 20. Bg5 Nxd5 21. Nxc6
bxc6 22. exd5 O-O 23. Bxd8 Rxd8 24. dxc6 Qc7 25. Bd5 Bf6 26. a4 Kg7 27. b5 h5
28. h4 Re8 29. Re1 Rb8 30. Re4 a6 31. Qd3 Qa5 32. Qc4 axb5 33. axb5 Qxb5 34.
Qxb5 Rxb5 35. c7 Rc5 36. Rc4 Rxd5 37. c8=Q Rf5 38. Qe8 Re5 39. Qd7 1-0

[Event "Elit(LASK-Skara)"]
[Site "?"]
[Date "2009.02.07"]
[Round "7"]
[White "Smith, Axel"]
[Black "Nyman, Viktor"]
[Result "1-0"]
[WhiteElo "2426"]
[BlackElo "1984"]
[PlyCount "51"]

1. Nf3 e6 2. g3 Nf6 3. Bg2 d5 4. O-O c6 5. d4 Nbd7 6. c4 Bd6 7. Nc3 O-O 8. Nd2
Be7 9. e4 dxe4 10. Ndxe4 Nxe4 11. Nxe4 Nf6 12. Nc3 Qc7 13. Qe2 Rd8 14. Rd1 b6
15. Bf4 Qd7 16. d5 exd5 17. cxd5 cxd5 18. Nxd5 Nxd5 19. Rxd5 Qxd5 20. Bxd5 Rxd5
21. Qxe7 Be6 22. Re1 Rad8 23. Rxe6 fxe6 24. Bc7 Rd1+ 25. Kg2 Rf8 26. Bd6 1-0

[Event "Elit(LASK-Skara)"]
[Site "?"]
[Date "2009.02.07"]
[Round "7"]
[White "Jacobsson, Erik"]
[Black "Gajic, Mladen"]
[Result "1-0"]
[WhiteElo "2110"]
[BlackElo "2268"]
[PlyCount "69"]
[EventDate "2009.??.??"]

1. e4 Nf6 2. e5 Nd5 3. d4 d6 4. Bc4 Nb6 5. Bb3 d5 6. Ne2 a5 7. a4 h5 8. Nf4 Bg4
9. f3 Bf5 10. e6 f6 11. Nc3 c6 12. Qe2 g5 13. Nfxd5 Nxd5 14. Nxd5 Qd6 15. Nc3
Na6 16. Be3 Bg7 17. Bf2 h4 18. O-O O-O 19. Rad1 Nb4 20. Ne4 Qc7 21. c4 Rfd8 22.
Nc3 b6 23. d5 Rd6 24. c5 bxc5 25. Bxc5 Rxd5 26. Nxd5 cxd5 27. Bxb4 Qb6+ 28. Kh1
Qxb4 29. Bxd5 Rc8 30. Qb5 Qf4 31. Qd7 Rc2 32. Bb3 Rc7 33. Qe8+ Kh7 34. Rd7 Qc1
35. Rxc1 1-0

[Event "Elit(Limhamn-Kamraterna)"]
[Site "?"]
[Date "2009.02.07"]
[Round "7"]
[White "Svensson, Bengt"]
[Black "Hector, Jonny"]
[Result "0-1"]
[WhiteElo "2479"]
[BlackElo "2614"]
[PlyCount "128"]

1. e4 e5 2. Nf3 Nc6 3. Bb5 a6 4. Ba4 Nf6 5. O-O Be7 6. Re1 d6 7. c3 Bg4 8. d3
Nd7 9. h3 Bh5 10. Nbd2 Nc5 11. Bc2 Ne6 12. Nf1 Ng5 13. Bxg5 Bxg5 14. Ng3 Bxf3
15. Qxf3 g6 16. Ba4 Qf6 17. Bxc6+ bxc6 18. Qd1 O-O 19. Qa4 c5 20. Qc6 Rfb8 21.
Re2 Qd8 22. Nf1 Rb6 23. Qa4 Rab8 24. Rb1 d5 25. b3 d4 26. cxd4 Qxd4 27. Qxd4
cxd4 28. Rc2 a5 29. Rxc7 a4 30. Nh2 axb3 31. axb3 Rxb3 32. Rxb3 Rxb3 33. Nf3
Rb1+ 34. Kh2 Bh6 35. Rc8+ Kg7 36. g3 f6 37. Rc7+ Kg8 38. Rc6 Bg7 39. Rc2 Bf8
40. Kg2 Rb3 41. Rc6 Kf7 42. g4 h6 43. Rc7+ Ke6 44. Nh4 Bd6 45. Ra7 Rxd3 46.
Nxg6 Rd1 47. Nh4 d3 48. Nf5 Bc5 49. Rc7 Bf8 50. Ne3 Re1 51. Rc3 d2 52. Rd3 Bc5
53. Rxd2 Bxe3 54. fxe3 Rxe3 55. Rd8 Kf7 56. Rd7+ Kg6 57. Re7 Rxe4 58. Kf3 Ra4
59. Kg3 Ra3+ 60. Kg2 Kg5 61. Rg7+ Kf4 62. Rf7 Ra2+ 63. Kf1 Ra6 64. Ke2 Kg3 0-1

[Event "Elit(Limhamn-Kamraterna)"]
[Site "?"]
[Date "2009.02.07"]
[Round "7"]
[White "Brynell, Stellan"]
[Black "Aberg, Anton"]
[Result "1-0"]
[WhiteElo "2586"]
[BlackElo "2406"]
[PlyCount "97"]

1. d4 d5 2. c4 c6 3. Nc3 Nf6 4. e3 a6 5. Nf3 b5 6. c5 Nbd7 7. b4 a5 8. bxa5
Qxa5 9. Bd2 Qc7 10. a4 bxa4 11. Rxa4 Rxa4 12. Qxa4 e5 13. Na2 e4 14. Ba5 Qa7
15. Nd2 Be7 16. Qxc6 O-O 17. Nb3 Bb7 18. Qb5 Rb8 19. Nb4 Ba8 20. Qa6 Qxa6 21.
Bxa6 Bd8 22. Bxd8 Rxb4 23. Nc1 Ne8 24. O-O Bc6 25. f3 Ra4 26. Be2 exf3 27. gxf3
f6 28. Nd3 Ra2 29. Re1 Ra8 30. Nb4 Bb7 31. c6 Rxd8 32. cxb7 Rb8 33. Nxd5 Rxb7
34. Ra1 Nd6 35. Ra6 Nc8 36. Ra8 Rb8 37. Rxb8 Nxb8 38. Kf2 Kf7 39. e4 Nd7 40.
Ke3 Nd6 41. f4 Nf8 42. e5 Nf5+ 43. Ke4 Ne6 44. Bc4 Nfxd4 45. exf6 g6 46. Ba2
Nb5 47. Ke5 Ned4 48. Nb6+ Ke8 49. Bd5 1-0

[Event "Elit(Limhamn-Kamraterna)"]
[Site "?"]
[Date "2009.02.07"]
[Round "7"]
[White "Hamark, Jesper"]
[Black "Ahlander, Bjorn"]
[Result "1/2-1/2"]
[WhiteElo "2378"]
[BlackElo "2524"]
[PlyCount "124"]

1. d4 Nf6 2. c4 e6 3. Nc3 Bb4 4. Qc2 c5 5. dxc5 Na6 6. a3 Qa5 7. Bd2 Nxc5 8.
O-O-O Bxc3 9. Bxc3 Qa4 10. Qxa4 Nxa4 11. Bxf6 gxf6 12. g3 Rb8 13. e3 b6 14. Bg2
Ke7 15. b3 Nc5 16. Kc2 Bb7 17. Bxb7 Rxb7 18. Ne2 b5 19. cxb5 Rc8 20. Kb2 Rxb5
21. Nd4 Rb6 22. Rd2 Rcb8 23. b4 a5 24. b5 a4 25. Ka2 Ne4 26. Rc2 Nd6 27. Rb1 e5
28. Ne2 Rxb5 29. Rxb5 Rxb5 30. Nc3 Rc5 31. Kb1 Nc4 32. Ka2 Nb6 33. Kb1 Ke6 34.
Ne4 Ra5 35. Nc5+ Ke7 36. Nd3 Rd5 37. Nb4 Rd1+ 38. Kb2 d5 39. Rc7+ Ke8 40. Kc2
Rf1 41. Rb7 Rxf2+ 42. Kc3 Nc4 43. Nxd5 Nxa3 44. Rb4 f5 45. Rxa4 Nb1+ 46. Kb4
Rxh2 47. Kc5 Kf8 48. Kd6 e4 49. Ke5 Kg7 50. Ne7 Nd2 51. Ra8 Nc4+ 52. Kxf5 Nxe3+
53. Kxe4 Nf1 54. Rg8+ Kf6 55. Nd5+ Ke6 56. Nf4+ Kd6 57. Kf3 Nd2+ 58. Ke3 Nf1+
59. Kf3 Ke5 60. Re8+ Kf5 61. g4+ Kf6 62. Re1 Nd2+ 1/2-1/2

[Event "Elit(Limhamn-Kamraterna)"]
[Site "?"]
[Date "2009.02.07"]
[Round "7"]
[White "Schneider, Stefan"]
[Black "Akbarinia, Arash"]
[Result "0-1"]
[WhiteElo "2451"]
[BlackElo "2389"]
[PlyCount "76"]

1. d4 d5 2. c4 e6 3. Nc3 Be7 4. Nf3 Nf6 5. cxd5 exd5 6. Bg5 c6 7. Qc2 g6 8. e3
Bf5 9. Bd3 Bxd3 10. Qxd3 Nbd7 11. Bh6 Bf8 12. Bxf8 Kxf8 13. b4 a6 14. O-O Qe7
15. a4 Kg7 16. a5 Ne4 17. Na4 Rab8 18. Nc5 h5 19. Nd2 Nd6 20. f3 Rhd8 21. Rae1
Nb5 22. Ndb3 Nxc5 23. bxc5 Rd7 24. Qc2 Re8 25. Nc1 Qg5 26. Qd3 Rde7 27. Kf2
Qh4+ 28. Kg1 Nxd4 29. e4 Nb5 30. Re2 dxe4 31. fxe4 Rxe4 32. Ref2 f5 33. Ne2 Qe7
34. Ng3 Re5 35. h4 Re3 36. Nxf5+ gxf5 37. Qxf5 Re1 38. Qf7+ Qxf7 0-1

[Event "Elit(Limhamn-Kamraterna)"]
[Site "?"]
[Date "2009.02.07"]
[Round "7"]
[White "Svenn, Gosta"]
[Black "Jepson, Christian"]
[Result "1-0"]
[WhiteElo "2378"]
[BlackElo "2438"]
[PlyCount "71"]

1. d4 Nf6 2. c4 c5 3. d5 b5 4. Nf3 Bb7 5. Qc2 Na6 6. a3 bxc4 7. e4 e6 8. Bxc4
exd5 9. exd5 Nc7 10. Nc3 Be7 11. O-O O-O 12. Rd1 d6 13. b4 cxb4 14. axb4 a6 15.
Be3 Qd7 16. h3 Nb5 17. Na4 Rae8 18. Qd3 Bd8 19. Rdc1 Re4 20. Nd4 Rfe8 21. Nc6
Bc7 22. Bxb5 axb5 23. Qxb5 Rb8 24. Nb6 Qe8 25. Qd3 Rxe3 26. Qxe3 Qxe3 27. fxe3
Bxb6 28. Nxb8 Bxe3+ 29. Kf1 Bxc1 30. Rxc1 Kf8 31. Rc7 Bxd5 32. Nd7+ Ke7 33.
Nxf6+ Kxf6 34. b5 Ke6 35. b6 Be4 36. b7 1-0

[Event "Elit(Limhamn-Kamraterna)"]
[Site "?"]
[Date "2009.02.07"]
[Round "7"]
[White "Tadjerbashi, Amir"]
[Black "Madebrink, Lars"]
[Result "1-0"]
[WhiteElo "2260"]
[BlackElo "2270"]
[PlyCount "69"]

1. e4 d5 2. exd5 Nf6 3. d4 Bg4 4. f3 Bf5 5. Bb5+ Nbd7 6. c4 a6 7. Ba4 b5 8.
cxb5 Nxd5 9. Ne2 Nb4 10. O-O axb5 11. Bb3 e6 12. Nbc3 c6 13. Be3 Be7 14. a3 Na6
15. d5 cxd5 16. Nd4 Bg6 17. Nc6 Qc8 18. Nxe7 Kxe7 19. Bxd5 exd5 20. Nxd5+ Kf8
21. Bf4 f6 22. Bd6+ Kf7 23. Ne7 Qc4 24. b3 Qe6 25. Re1 Ne5 26. f4 Bc2 27. Qd2
Nf3+ 28. gxf3 Qxb3 29. Re3 Qc4 30. Rc3 Qe6 31. Re1 Bb3 32. Rxe6 Bxe6 33. f5 Bc4
34. Rxc4 bxc4 35. Qd5+ 1-0

[Event "Elit(Limhamn-Kamraterna)"]
[Site "?"]
[Date "2009.02.07"]
[Round "7"]
[White "Svenn, Matti"]
[Black "Penalver, Osmani"]
[Result "1-0"]
[WhiteElo "2260"]
[BlackElo "2279"]
[PlyCount "57"]

1. e4 c5 2. Nf3 d6 3. d4 cxd4 4. Nxd4 Nf6 5. Nc3 e6 6. g4 Nc6 7. g5 Nd7 8. Be3
Be7 9. h4 a6 10. Qd2 Nde5 11. O-O-O Ng4 12. Nxc6 bxc6 13. Bf4 Ne5 14. Bg3 Qa5
15. f4 Nd7 16. h5 h6 17. gxh6 gxh6 18. Bh4 Bf8 19. e5 d5 20. f5 Bb4 21. fxe6
fxe6 22. Qg2 Nf8 23. Rh3 Rh7 24. Bd3 Rb7 25. Qg8 Be7 26. Bg6+ Kd7 27. Bxe7 Nxg6
28. hxg6 Kxe7 29. Rf3 1-0

[Event "Elit(Limhamn-Kamraterna)"]
[Site "?"]
[Date "2009.02.07"]
[Round "7"]
[White "Holst, Conny"]
[Black "Andersson, Michael"]
[Result "0-1"]
[WhiteElo "2242"]
[BlackElo "2198"]
[PlyCount "130"]

1. d4 Nf6 2. c4 c5 3. d5 e5 4. Nc3 d6 5. e4 Nbd7 6. Nf3 Be7 7. h3 h5 8. Bd3 Nf8
9. Be3 Ng6 10. Qd2 a6 11. a3 h4 12. b4 b6 13. Rb1 Nh5 14. bxc5 bxc5 15. Ne2 Bd7
16. O-O Qc8 17. Kh2 Bd8 18. Qb2 Ba5 19. Qb7 Qd8 20. Bg5 f6 21. Be3 O-O 22. g4
hxg3+ 23. fxg3 Rf7 24. Qb3 Qc8 25. Nfg1 Qe8 26. Nc1 Ba4 27. Qa2 Nf8 28. Be2 g6
29. Bxh5 gxh5 30. Qe2 Qe7 31. Qxh5 Bc2 32. Rb2 Bxe4 33. Rbf2 f5 34. Bg5 Qe8 35.
Nf3 Rg7 36. Qxe8 Rxe8 37. Bh6 Rg6 38. Bxf8 Rxf8 39. Nb3 Bd8 40. Nxc5 dxc5 41.
Nxe5 Rd6 42. h4 Re8 43. Nf3 Rb6 44. Re1 Bc7 45. Ng5 Rb3 46. Rf3 Rxf3 47. Nxf3
Rb8 48. Re3 Rb2+ 49. Kh3 Bd6 50. h5 Kg7 51. Nh4 Kh6 52. Rxe4 fxe4 53. Nf5+ Kxh5
54. g4+ Kg5 55. Nxd6 Kf4 56. Ne8 e3 57. Ng7 e2 58. Ne6+ Ke3 59. g5 e1=Q 60. Kg4
Qh1 61. Kf5 Qh5 62. d6 Rf2+ 63. Ke5 Qf7 64. Kd5 Rf5+ 65. Kc6 Qxe6 0-1